[Event "North Shore Open B"]
[Site "?"]
[Date "2017.08.26"]
[Round "1.6"]
[White "Li, Andrew"]
[Black "Ha, Huy Minh (Timothy)"]
[Result "1-0"]
[WhiteElo "1376"]
[BlackElo "1702"]
[PlyCount "59"]
[EventDate "2017.??.??"]

1. e4 g6 2. Nc3 Bg7 3. Bc4 a6 4. a4 d6 5. Nf3 Nd7 {The only game I could find
reaching this position was between two apparently unrated players in 2015. Ed:
A pattern search reveals dozens of instances of the line 1.e4 g6 2.d4 Bg7 3.
Nf3 d6 4.Bc4 Nd7?? Including highly rated victims and highly rated White
players who missed the chance to play...} 6. Bxf7+ $1 Kf8 ({After} 6... Kxf7 7.
Ng5+ {White either wins the queen or mates in three.}) 7. Bxg8 {Andrew is conte
nt with a pawn and still has a winning or near winning position but various
other moves maintained a stronger initiative. The bishop still couldn't be
taken.} Kxg8 8. d3 Ne5 9. Nxe5 Bxe5 10. Bh6 Be6 11. f4 Bg7 12. Bxg7 Kxg7 13.
O-O c6 14. Qd2 Bf7 15. f5 Qd7 16. Qg5 Raf8 17. f6+ exf6 18. Qxf6+ Kg8 19. Rf2
Qc7 20. Ne2 Qd8 21. Raf1 Qc7 22. Nf4 Qd8 23. Ne6 Bxe6 24. Qxe6+ Kg7 25. Rf7+
Kh6 26. Qh3+ Kg5 27. Qe3+ Kh5 28. g4+ Kxg4 29. R1f3 g5 30. Rh3 1-0

[Event "44th North Shore Open"]
[Site "?"]
[Date "2017.08.26"]
[Round "2.2"]
[White "Duneas, John"]
[Black "Gong, Daniel Hanwen"]
[Result "1/2-1/2"]
[WhiteElo "2034"]
[BlackElo "2278"]
[PlyCount "101"]
[EventDate "2017.??.??"]

1. d4 Nf6 2. c4 g6 3. Nc3 Bg7 4. e4 d6 5. Be2 O-O 6. f4 e5 7. dxe5 dxe5 8. Qxd8
Rxd8 9. fxe5 Nfd7 10. e6 fxe6 11. Nf3 Nc5 12. Bg5 Rd7 13. e5 Nc6 14. Be3 Na6
15. O-O Nxe5 16. Rad1 Ng4 17. Bc1 c5 18. h3 Ne5 19. Nxe5 Bxe5 20. Bh6 Rxd1 21.
Rxd1 Bd4+ 22. Kh1 Bd7 23. Bf3 Bc6 24. Bxc6 bxc6 25. Ne4 Nc7 26. b4 e5 27. Nxc5
a5 28. Nb3 axb4 29. Nxd4 Rd8 30. Rb1 {The surprising} (30. Bg7 $1 exd4 31. Rxd4
Ra8 32. Be5 Ne6 33. Rd2 {is about equal.}) 30... exd4 31. Rxb4 d3 32. Rb7 (32.
Rb1 {was safer.}) 32... Ne6 (32... Ne8 $5 {
with the idea ...Nd6 would have been close to winning.}) 33. Bd2 {
33.Rb1 is passive but again safer.} Nc5 34. Re7 Ra8 (34... Rd4 $1) 35. Re5 $1
Nb7 36. Re3 Ra3 {After this the winning chances are all gone. Instead,} (36...
Rd8 {maintains a slight advantage.}) 37. Bb4 Rxa2 38. Rxd3 Ra4 39. Rb3 c5 40.
Ba3 Na5 41. Rb8+ Kf7 42. Bxc5 Rxc4 43. Be3 h5 44. Rb5 Nc6 45. Rc5 Rxc5 46. Bxc5
Ke6 47. Kg1 Kd5 48. Bb6 Ke4 49. Kf2 Nb4 50. Bc7 Nd5 51. Bd6 1/2-1/2

[Event "44th North Shore Open"]
[Site "?"]
[Date "2017.08.26"]
[Round "2.5"]
[White "Ang, Alphaeus"]
[Black "Krstev, Antonio"]
[Result "1-0"]
[WhiteElo "2141"]
[BlackElo "2034"]
[PlyCount "59"]
[EventDate "2017.??.??"]

1. d4 d5 2. c4 c6 3. Nc3 g6 4. Nf3 Bg7 5. Bf4 Nf6 6. e3 O-O 7. Be2 Nbd7 (7...
dxc4 {is the natural continuation, taking the tempo.}) 8. Ne5 (8. cxd5 Nxd5 9.
Nxd5 cxd5 10. O-O {gives White a development advantage but whether he can do
anything with it is debatable.}) 8... dxc4 9. Nxc4 Nd5 10. Bg3 b5 11. Nxd5 cxd5
12. Ne5 Nxe5 13. dxe5 e6 {What will the light-square bishop do now?} 14. O-O
Rb8 15. Qd4 Qb6 16. Rfc1 a6 {Better was} (16... b4 {with ...Ba6 ideas.}) 17.
Rc5 Bb7 18. Rac1 h5 {
After this Black's troubles just gradually get worse. Better was} (18... Qa5
19. b4 $1 Qa3 {after} (19... Qxa2 $2 20. Bf3 Rfc8 21. Ra1 {the queen is trapped
}) 20. Rc7 a5 {and Black is still in the game.}) 19. b4 Rfe8 20. Bh4 Bf8 21.
Bf6 Be7 22. Bxh5 Bxf6 23. exf6 e5 24. Qh4 Rbc8 25. Bg4 Rxc5 26. bxc5 Qd8 27. c6
Bc8 28. Bxc8 d4 29. Bd7 dxe3 30. fxe3 1-0

[Event "44th North Shore Open"]
[Site "?"]
[Date "2017.08.26"]
[Round "3.2"]
[White "Ang, Alphaeus"]
[Black "McLaren, Leonard"]
[Result "1-0"]
[WhiteElo "2141"]
[BlackElo "2208"]
[PlyCount "57"]
[EventDate "2017.??.??"]

1. d4 Nf6 2. c4 e6 3. Nc3 Bb4 4. f3 Nc6 {
Maybe Leonard should have copied Ben who was on the next board!} 5. a3 Bxc3+ 6.
bxc3 O-O 7. e4 b6 8. Bd3 Ba6 9. Nh3 Na5 10. Qe2 Nb3 11. Rb1 Nxc1 12. Rxc1 d6
13. f4 d5 14. e5 dxc4 $2 (14... Ne4 {was the only move, e.g.} 15. cxd5 (15.
Bxe4 Qh4+ 16. Qf2 Qxf2+ 17. Nxf2 dxe4 18. Nxe4 Bxc4 {
and Black should hold okay.}) 15... Bxd3 16. Qxd3 Qxd5 17. O-O {
and the black knight is a bit of a problem.}) 15. Bb1 $1 {
Now Black completely lacks any "only move".} Nd5 16. Bxh7+ $1 {
Nice concept - retreating the bishop and then sacrificing it.} Kxh7 17. Qh5+
Kg8 18. Ng5 Qxg5 19. Qxg5 Bb7 20. O-O Rae8 21. Rf3 f5 22. Rh3 Rf7 23. Rf1 Ne7
24. Re1 Nd5 25. Rh5 Rd7 26. Qh4 Kf7 27. Rh7 Rg8 28. g4 fxg4 29. f5 1-0

[Event "44th North Shore Open"]
[Site "?"]
[Date "2017.08.26"]
[Round "3.3"]
[White "Gong, Daniel Hanwen"]
[Black "Polishchuk, Kiril"]
[Result "1/2-1/2"]
[WhiteElo "2278"]
[BlackElo "2132"]
[PlyCount "40"]
[EventDate "2017.??.??"]

1. c4 Nc6 2. d4 d5 3. Nf3 Bg4 4. cxd5 Bxf3 5. dxc6 Bxc6 6. Nc3 e6 7. e4 Bb4 8.
f3 Qh4+ 9. g3 Qf6 10. Bg2 (10. Be3 $5) 10... h5 11. h4 O-O-O 12. Bg5 Qxd4 13.
Bxd8 Bxc3+ 14. bxc3 Qe3+ 15. Qe2 Qxc3+ 16. Kf2 Qd4+ 17. Qe3 Qb2+ 18. Qe2 Qd4+
19. Qe3 Qb2+ 20. Qe2 Qd4+ 1/2-1/2

[Event "44th North Shore Open"]
[Site "?"]
[Date "2017.08.26"]
[Round "4.1"]
[White "Hague, Ben"]
[Black "Ang, Alphaeus"]
[Result "1/2-1/2"]
[WhiteElo "2326"]
[BlackElo "2141"]
[PlyCount "79"]
[EventDate "2017.??.??"]

1. e4 d5 2. exd5 Qxd5 3. Nc3 Qd6 4. d4 Nf6 5. Nf3 c6 6. h3 Bf5 7. Ne5 Nbd7 8.
Nc4 Qc7 9. Qf3 e6 10. Bf4 Qd8 11. O-O-O Nb6 12. Ne3 Bg6 13. h4 h6 14. h5 Bh7
15. Bd3 Bxd3 16. Rxd3 Bd6 17. Be5 Nbd5 18. Nexd5 cxd5 19. Qg3 Bf8 20. Re3 Kd7 (
20... Rc8 $5 {with ideas of an exchange sac on c3 was worth considering.
Certainly the king's excursion to c6 is an interesting idea. White's best plan
is the kingside attacking chances after f2-f4-f5 and the cunning king move
perhaps deflects White's thoughts to the other side where there's less danger
for Black.}) 21. Qh3 (21. f4 $1 {
with the idea f4-f5 was the real test for the wandering king.}) 21... Kc6 22.
Na4 {Maybe 22.f4 was still best. It is not easy to develop a real attack on
the queenside.} Rc8 23. Rc3+ Kd7 24. Rxc8 {
The further exchange helps Black but the alternative} (24. Rb3 b6 25. Nc3 Rc4 {
doesn't look too fearsome either.}) 24... Qxc8 25. Qb3 Qc6 26. Rh3 Ne4 27. Re3
Qa6 28. Re1 b5 $6 (28... f6 29. Bf4 b6 {or}) (28... b6 29. f3 Nd6 {are both abo
ut equal but the text move weakens the queenside pawns structure and restores
a bit of White's advantage.}) 29. Nc3 Nxc3 30. Qxc3 Bd6 (30... Qc6 31. Qg3 (31.
Qa5 Qb6) 31... f6 32. Bf4 {
is nice for White - Black still can't easily complete his development!}) 31.
Bxg7 (31. Qf3 $5 f6 32. Qg4 Be7 33. Bf4 Rc8 34. Kb1 {
keeps some kingside initiative.}) 31... Rg8 {
Black has equalised again, all his pieces are now active.} 32. Be5 Bxe5 33.
dxe5 Qxa2 34. Qb4 Rxg2 35. Qxb5+ Ke7 36. Qc5+ Ke8 37. Qc8+ Ke7 38. Qc5+ Ke8 39.
Qc8+ Ke7 40. Qc5+ 1/2-1/2

[Event "44th North Shore Open"]
[Site "?"]
[Date "2017.08.26"]
[Round "4.2"]
[White "Mistry, Prahant"]
[Black "Gong, Daniel Hanwen"]
[Result "0-1"]
[WhiteElo "2006"]
[BlackElo "2278"]
[PlyCount "118"]
[EventDate "2017.??.??"]

1. e4 c5 2. Nc3 a6 3. a4 e6 4. d3 d5 5. Qe2 Be7 6. g3 Nc6 7. Bg2 Nf6 8. Nf3 d4
9. Nd1 e5 10. Nd2 Rb8 11. f4 O-O 12. f5 Ne8 13. Nf3 Nd6 14. O-O b5 15. g4 c4
16. Bd2 b4 17. b3 cxb3 18. cxb3 f6 19. h4 Na5 20. Rb1 Qe8 21. h5 Qf7 22. Nh4
Nxb3 23. Ng6 Nxd2 24. Qxd2 hxg6 25. hxg6 Qe8 26. Bf3 {Better was} (26. Rxb4
Rxb4 27. Qxb4 Qc6 28. Qb3+ Nf7 29. Nb2 Qc3 $1 {
and Black's bishop pair ensures him the advantage.}) 26... Nf7 $1 27. Qa2 b3 (
27... Rb6 $5 {with the idea 28...Be6 giving the piece back to block the a2-g8
diagonal may have been better.}) 28. Rxb3 Be6 29. fxe6 Ng5 30. Rxb8 Qxb8 31.
Qh2 (31. Kg2 {or}) (31. Nb2 {both look close to equal.}) 31... Qb3 32. Be2 Rc8
33. Nf2 Qa2 34. Nh1 Qxe6 35. Ng3 Bb4 {The obvious} (35... Rc2 36. Qh4 {
would've been more annoying for White.}) 36. Kg2 {
The f2-square was a better place for the king.} Rc2 37. Rh1 Kf8 38. Qh8+ Qg8
39. Kf2 Ne6 40. Qxg8+ Kxg8 {
Now White is too passive and is bound to lose one or more of his weak pawns.}
41. a5 Rb2 42. Rc1 Bc3 43. Nh5 Nf8 44. Kf1 Nxg6 45. g5 fxg5 46. Bg4 Kf7 47. Bc8
Rh2 48. Ng3 Nf4 49. Rb1 Bxa5 50. Rb7+ Kf8 51. Rb8 Ke7 52. Bg4 g6 53. Rb7+ Kd6
54. Ne2 Rh1+ 55. Ng1 Bd2 56. Bf3 Rh2 57. Rb6+ Kc5 58. Rxa6 Nxd3 59. Be2 Rf2#
0-1

[Event "44th North Shore Open"]
[Site "?"]
[Date "2017.08.26"]
[Round "4.6"]
[White "Duneas, John"]
[Black "Goodhue, Nathan"]
[Result "0-1"]
[WhiteElo "2034"]
[BlackElo "1968"]
[PlyCount "84"]
[EventDate "2017.??.??"]

1. d4 c5 2. d5 e5 3. dxe6 fxe6 4. e4 d5 5. Nc3 d4 6. Nce2 e5 7. Ng3 Nf6 8. Nf3
Bd6 9. Bc4 Bg4 10. h3 Bxf3 11. Qxf3 Qe7 12. O-O Nbd7 13. a3 O-O-O 14. b4 Nb6
15. Nf5 Qd7 16. Nxd6+ Qxd6 17. bxc5 Qxc5 18. Bb3 Kb8 19. Bd2 Rhe8 20. Qd3 Qc6
21. f3 Nfd7 22. Ba2 Nc5 23. Qe2 Rd7 24. Ba5 Nca4 25. Bxb6 Qxb6 26. Qd3 Nc3 27.
Bb3 g5 28. a4 h5 29. a5 Qc6 30. Qc4 Qxc4 31. Bxc4 Rc7 32. Bd3 Rc5 33. Ra3 Re7
34. Rfa1 Nb5 35. Rb3 {The better} (35. Bxb5 Rxb5 36. c3 {equalises.}) 35... Nd6
36. Kf2 Rec7 37. Kg3 Nc4 38. a6 {
Again White should rid himself of the more or less useless bishop, e.g.} (38.
Bxc4 Rxc4 39. Rb5 {looking for counterplay.}) 38... b6 39. h4 Rg7 (39... gxh4+
$1 40. Kxh4 Ne3 {now gives Black a clear, though not yet decisive, advantage.})
40. Rh1 $2 {
The last move before 10 minutes additional time gained at move 40. Instead,} (
40. Bxc4 {was still best:} Rxc4 41. Rb5 gxh4+ 42. Kh3 Rxc2 43. Rxe5 Rcxg2 44.
Re8+ Kc7 45. Rc1+ Kd6 46. Rd1 {
and White at least has a bit of counterplay in a weird endgame position.})
40... Ne3 {Now all hope for White is gone.} 41. Rb5 gxh4+ 42. Kxh4 Nxg2+ 0-1

[Event "44th North Shore Open"]
[Site "?"]
[Date "2017.08.27"]
[Round "5.1"]
[White "Gong, Daniel Hanwen"]
[Black "Hague, Ben"]
[Result "0-1"]
[WhiteElo "2278"]
[BlackElo "2326"]
[PlyCount "82"]
[EventDate "2017.??.??"]

1. c4 e5 2. Nc3 Nf6 3. g3 c6 4. d4 exd4 5. Qxd4 d5 6. Bf4 {
Unusual. The main moves here are 6.Bg2, 6.Bg5 and 6.cxd5.} dxc4 {
And the two games in my big database both saw 6...Be6 played.} 7. Qxc4 Be6 8.
Qa4 Qb6 9. Qc2 (9. O-O-O Qxf2 ({or} 9... Ng4 10. Nh3 Nxf2 11. Nxf2 Qxf2 12. Ne4
) 10. Nh3 Qb6 11. Ng5 {both give White enough play for the missing pawn.}) 9...
Na6 10. Bh3 (10. a3 {was better but still very nice for Black.}) 10... Nb4 11.
Qc1 Bc5 12. Bxe6 Bxf2+ 13. Kf1 Bxg1 (13... fxe6 $5 14. Na4 Qb5 15. Nc3 Qc5 {
with a solid extra pawn.}) 14. Bxf7+ Kxf7 15. Rxg1 Rhe8 16. Rg2 Rad8 {
16...Nbd5!?} 17. a3 {Weakening the queenside pawns and chasing the knight to
where it needs to go anyway. After the better} (17. Bg5 {
White is still in the game.}) 17... Nbd5 18. Nxd5 Rxd5 19. b4 Qd4 {
Black's activity is much too much now.} 20. e3 Qd3+ 21. Re2 g5 22. Bc7 Rc8 23.
e4 Nxe4 24. Qe1 Rxc7 25. Kg2 Qxe2+ 26. Qxe2 Rd2 27. Rf1+ Kg7 28. Qxd2 Nxd2 29.
Rf5 h6 30. h4 Rf7 31. Ra5 b6 32. Re5 gxh4 33. gxh4 Rc7 34. Kf2 Nc4 35. Re4 Nxa3
36. Kf3 c5 37. bxc5 bxc5 38. Kg4 c4 39. Re5 c3 40. Kh5 c2 41. Re1 Rc5+ 0-1

[Event "44th North Shore Open"]
[Site "?"]
[Date "2017.08.27"]
[Round "5.2"]
[White "Ang, Alphaeus"]
[Black "Polishchuk, Kiril"]
[Result "1-0"]
[WhiteElo "2141"]
[BlackElo "2132"]
[PlyCount "87"]
[EventDate "2017.??.??"]

1. d4 d5 2. c4 Nc6 3. Nf3 Bg4 4. Nc3 e6 5. cxd5 exd5 6. e3 Nf6 7. h3 Bh5 8. Bb5
Qd6 9. g4 Bg6 10. Ne5 Nd7 11. f4 f6 12. Nxg6 hxg6 13. Bd3 O-O-O {
Black can't really save the g6-pawn, e.g.} (13... Ne7 14. Qc2 Kf7 15. Nb5 {
is close to winning for White.}) 14. Bxg6 Rh6 15. Bd3 Re8 16. Kf2 Qe6 $2 (16...
Kb8 {first would have avoided the worst of the coming problems.}) 17. Bf5 (17.
Qf3 $5) 17... Qf7 (17... Qd6 18. g5 fxg5 19. fxg5 Rh8 20. Qf3 Ne7 {gives Black
slightly better survival chances but it would still be very difficult defence.}
) 18. Qb3 $1 (18. Qf3 {looks similar but after} Ne7 19. Bd3 f5 20. g5 Rh8 {
White still has plenty of work to do.}) 18... g6 (18... Ne7 19. Bxd7+ Kxd7 20.
Qxb7 $18) 19. Nxd5 gxf5 $6 (19... Rh7 20. Bd3 Rd8 21. Bc4 Na5 22. Nb6+ $1 {
(the only winning move)} Nxb6 23. Bxf7 Nxb3 24. Bxb3 $18) 20. Nb6+ axb6 21.
Qxf7 Re7 22. Qd5 fxg4 23. hxg4 Nb4 24. Qf3 Nd3+ 25. Kg2 f5 26. g5 Rc6 27. Qd1
Nb4 28. Bd2 Nd5 29. Kf2 Rce6 30. Qb3 c6 31. Qd3 Re4 32. Rh8 Kc7 33. Rah1 Bg7
34. Rg8 Nxf4 35. exf4 Bxd4+ 36. Kf1 Nc5 37. Qf3 R4e6 38. Rh6 Re4 39. Rf8 Bg7
40. Rxf5 Bxh6 41. gxh6 R4e6 42. Rxc5 bxc5 43. f5 Rf7 44. Bf4+ 1-0

[Event "44th North Shore Open"]
[Site "?"]
[Date "2017.08.27"]
[Round "5.3"]
[White "Steadman, Mike"]
[Black "McLaren, Leonard"]
[Result "0-1"]
[WhiteElo "2194"]
[BlackElo "2208"]
[PlyCount "42"]
[EventDate "2017.??.??"]

1. b4 e5 2. Bb2 Bxb4 3. Bxe5 Nf6 {There are many hundreds of games in my big
database up to here and White has scored almost 47%. Wow! However, Mike seems
to be doing okay with his 1.b4.} 4. Nf3 O-O 5. e3 d5 6. c4 {6.Be2 is the
"main" move here (scoring about 47%) but the text move has been reasonably
successful recently, though not over a longer period.} c5 {Now White's
percentage in Mega is around 18% from 22 games. White actually won a couple of
them.} 7. cxd5 Nxd5 8. a3 Ba5 9. Be2 Nc6 10. Bb2 Qe7 11. O-O Be6 12. Qc2 Rac8
13. d3 Bc7 {13...Bf5 is strong, the idea being that 14.e4 can be met with 14...
Nf4 with a clear advantage.} 14. Nbd2 b6 {Black's advantage appears minimal
now that White has just about completed his development.} 15. Ne4 f6 16. Rac1
Bb8 17. Rfd1 Rfd8 18. Qa4 Kh8 19. Ng3 Qd7 20. Qh4 Nce7 21. d4 $2 {21.Nd2 was
cessary but the fact that the white queen lacks any escape route is not so
obvious.} Ng6 (21... Ng6 22. Qe4 Bxg3 23. dxc5 {(the only try)} Bf5 24. Qxd5 (
24. c6 Rxc6 25. Qxd5 Qxd5 26. Rxd5 Rxc1+ 27. Bxc1 Bxh2+ 28. Kxh2 Rxd5 $19)
24... Qxd5 25. Rxd5 Rxd5 26. hxg3 Rcxc5 {
and White is quite lost but could play on for a bit longer.}) 0-1

[Event "8th Asian Seniors 65 Championships 2017"]
[Site "Auckland, NZL NZL"]
[Date "2017.10.09"]
[Round "1.6"]
[White "Taylor, Richard"]
[Black "Cooper, Nigel"]
[Result "0-1"]
[WhiteElo "1845"]
[BlackElo "1670"]
[PlyCount "58"]
[EventDate "2017.??.??"]

1. e4 d5 2. exd5 Nf6 3. d4 Bg4 {The Portuguese gambit.} 4. f3 {
Hits the bishop but weakens the kingside.} Bf5 5. Bb5+ Nbd7 6. Ne2 {
Forgetting to hold on to the d5 pawn?} Nxd5 7. Ng3 Bg6 8. O-O e6 9. a3 Be7 10.
Ba4 O-O 11. c4 N5f6 12. Nc3 Nb6 13. Bb3 c5 {Now the weakness of white's f3
move becomes apparent. The king knight is misplaced on g3. f3 was its natural
square.} 14. dxc5 Bxc5+ 15. Kh1 Bd3 16. Re1 Bf2 17. Bg5 Bxe1 18. Qxe1 h6 $1 {
The best chance.} 19. Bxh6 $5 gxh6 20. Rd1 Qd4 21. Qd2 $2 {Bc2 was essential.}
Nxc4 22. Bxc4 Qxc4 23. Qxh6 Bg6 24. h4 Rad8 25. Rc1 Qd4 26. Nce2 Qd2 27. Nf4 {
Desperation.} Qxc1+ 28. Kh2 Rd4 29. Nge2 Qe3 0-1

[Event "8th Asian Seniors 65 Championships 2017"]
[Site "Auckland, NZL NZL"]
[Date "2017.10.11"]
[Round "4.1"]
[White "Torre, Eugenio"]
[Black "Legaspi, Edmundo"]
[Result "1-0"]
[WhiteElo "2456"]
[BlackElo "2087"]
[PlyCount "117"]
[EventDate "2017.??.??"]

{Grandmaster Torre, who had such a brilliant performance in last chess
Olympiad, was overwhelming in the Asian Veterans. It is worth remembering that
he is the clear record holder of participation number in Chess Olympiads with
the impressive number of 23. Next is Hungarian Grandmaster Lajos Portisch with
20 participations. Winning with a 100% score is of course always fantastic but
the ease with which it happened was quite nice. Only against Ewen Green and in
the game below against countryman Legaspi there was some danger of not winning.
} 1. d4 g6 2. e4 Bg7 3. Nf3 d6 4. Bc4 e6 5. Bb3 Nf6 ({Relevant is} 5... Ne7 6.
c3 b6 7. Be3 Bb7 8. Nbd2 Nd7 9. h3 h6 10. Qe2 {as in Short,N (2698)-Kasparov,G
(2812) Leuven 2011 1?2-1?2. A clear Hippopotamus System.}) 6. Nbd2 Nbd7 7. O-O
O-O 8. Re1 e5 (8... b6 {is another approach.}) 9. c3 Qe7 10. Nf1 Nb6 11. Ng3 h6
12. h3 Kh7 13. a4 a5 14. Bc2 c6 15. b3 Qc7 16. Ba3 Rd8 17. Qe2 Be6 18. Bxd6 $1
{A nice way to win a pawn and empowering the c2 bishop.} Qxd6 19. dxe5 Qe7 20.
exf6 Bxf6 21. e5 Bg7 22. c4 Nd7 23. Nh5 Bh8 24. Nf4 Nf8 25. Qe3 Bg7 26. Nh5 Bh8
27. Nf4 Bg7 28. Nd4 Rd7 29. Rad1 Rad8 30. Rd3 Kg8 31. Red1 Qg5 32. Ndxe6 ({
Better is} 32. Nfxe6 Qxe3 33. fxe3 fxe6 34. Nxe6 Rxd3 35. Nxd8 Rxe3 36. Nxb7
Rxe5 37. Rd6 {with a clear superiority.}) 32... Rxd3 33. Rxd3 Rxd3 34. Qxd3
fxe6 35. Nxg6 Nxg6 36. Qxg6 Qxg6 37. Bxg6 Bxe5 {Now Black ha s reasonable
drawing chances in this Bishop opposite colours ending.} 38. Kf1 Kg7 39. Be8
Kf6 40. Bd7 Ke7 41. Bc8 b6 42. Ke2 c5 43. g3 Kf6 44. f4 Bc3 45. Kf3 e5 $2 {
This is a serious mistake. Losing control over d5, is opening a corridor for
the white King. White can force this by playing g4 and f5 but then the
exchange of one pawn makes the position very drawish, even if White takes the
b6 pawn, as the black Bishop blocks on b4.} 46. f5 $1 Bd2 47. Ke4 Be1 48. g4
Bh4 49. Bb7 Be1 50. Kd5 h5 51. Kd6 hxg4 52. hxg4 Bd2 53. Be4 Bh6 54. Kc6 Kg5
55. Kxb6 Kxg4 56. Kxa5 Kf4 57. Bc2 e4 58. Kb6 Kxf5 59. a5 1-0

[Event "8th Asian Seniors 65 Championships 2017"]
[Site "Auckland, NZL NZL"]
[Date "2017.10.11"]
[Round "4.6"]
[White "Lynn, William"]
[Black "Goffin, Peter"]
[Result "1/2-1/2"]
[WhiteElo "1817"]
[BlackElo "1976"]
[PlyCount "129"]
[EventDate "2017.??.??"]

1. d4 Nf6 2. c4 g6 3. Nc3 d5 4. e3 Bg7 5. Nf3 O-O 6. c5 Nc6 7. Bd3 Bg4 8. h3
Bxf3 9. Qxf3 e5 10. dxe5 Nxe5 11. Qd1 d4 12. Ne4 dxe3 13. Nxf6+ Bxf6 14. Be2
Qxd1+ 15. Bxd1 Nd3+ 16. Ke2 Nxf2 17. Rf1 Ne4 18. Rf3 Bg5 19. Bxe3 Rae8 20. Bxg5
Nxg5+ 21. Re3 Rxe3+ 22. Kxe3 Re8+ 23. Kd3 Re1 24. Rc1 Rg1 25. h4 Ne6 26. g4 c6
27. b4 Nf4+ 28. Ke4 Nd5 29. a3 Rg3 30. Bf3 f5+ 31. gxf5 gxf5+ 32. Kxf5 Rxf3+
33. Ke6 Rxa3 34. Rg1+ Kh8 35. Kd7 Rb3 {At this stage, Black has more than +7
on the computer. Goffs was already planning a celebration drink after the game,
perhaps?} 36. h5 Rxb4 37. h6 a5 38. Re1 Nf6+ 39. Kd8 Rh4 40. Kc7 Rxh6 41. Kxb7
Nd5 42. Re8+ Kg7 43. Rd8 a4 44. Rd7+ Kg6 {The first mis-step} (44... Kf8 45.
Rd8+ Kf7 46. Rd7+ Ne7 {securing c6 and freeing the Rook is one way}) 45. Kxc6
Nb4+ 46. Kb5 Rh4 47. Kxa4 Nd3+ 48. Kb5 Nxc5 {Sometimes it pays to never give
up! This is unnecessarily panicky, but the remote White king means the ending
is still winning.} 49. Kxc5 Rf4 $2 {The win is now gone} (49... Re4 $1 {
cuts off the king by one more file, if} 50. Rd4 Kf5 $1) 50. Kd5 h5 51. Ke5 Rf1
52. Ke4 h4 53. Rd8 Kh5 54. Rh8+ Kg4 55. Rg8+ Kh3 56. Ke3 Kh2 57. Ke2 Rg1 58.
Rh8 h3 59. Kf2 Rg3 60. Rh7 Ra3 61. Rh8 Kh1 62. Re8 Ra2+ 63. Kf1 Ra5 64. Kf2
Rf5+ 65. Kg3 1/2-1/2

[Event "8th Asian Seniors 65 Championships 2017"]
[Site "Auckland, NZL NZL"]
[Date "2017.10.12"]
[Round "6.2"]
[White "Legaspi, Edmundo"]
[Black "Lovejoy, David"]
[Result "0-1"]
[WhiteElo "2087"]
[BlackElo "1838"]
[PlyCount "142"]
[EventDate "2017.??.??"]

1. e4 e5 2. Nf3 Nc6 3. Bc4 Bc5 4. c3 Nf6 5. d3 d6 6. Nbd2 a6 7. Nf1 O-O 8. Ne3
Na5 9. Bb3 Nxb3 10. axb3 Re8 11. b4 Ba7 12. O-O h6 13. Nc4 c6 14. h3 Qc7 15.
Qc2 Be6 16. Re1 Rad8 17. Be3 Bxe3 18. Nxe3 Bc8 19. c4 Nh5 20. d4 Nf4 21. Rad1
Qe7 22. d5 Qf6 {
Black's well placed Knight and Queen give him some tactical chances.} 23. Nh2
Qg6 24. Kh1 cxd5 25. cxd5 Bd7 26. Nf3 Rc8 27. Qb1 Bb5 28. Ng1 Rc7 29. g3 $2 Nd3
$1 {WInning material} 30. Kg2 Qxe4+ 31. Kh2 Qg6 32. Re2 Nxb4 33. Qxg6 fxg6 34.
Red2 Rec8 35. Ne2 Bxe2 36. Rxe2 Nc2 37. Nxc2 Rxc2 38. Rdd2 Rxd2 39. Rxd2 Rc4
40. Kg2 e4 41. Kf1 Kf7 42. Ke2 Kf6 43. f4 exf3+ 44. Kxf3 Ke5 45. Re2+ Kxd5 46.
Re7 Rb4 47. Rxg7 Rb3+ 48. Kg4 Rb4+ 49. Kf3 Rxb2 50. Rxg6 a5 51. Rxh6 a4 52.
Rh5+ Kc4 53. Ra5 b5 54. g4 Kb4 55. Ra8 a3 56. g5 a2 $1 57. g6 Rb3+ 58. Kf4 Ra3
59. Rxa3 Kxa3 60. g7 a1=Q 61. g8=Q Qf1+ 62. Ke3 Qxh3+ 63. Kd2 Qh2+ 64. Kd3 b4
65. Qa8+ Kb2 66. Qc6 Qg3+ 67. Ke2 Qe5+ 68. Kd1 Qd4+ 69. Ke2 d5 70. Qa4 Qc4+ 71.
Ke3 Qb3+ {Well played David!} 0-1